| Поле | Инд. | ПП | Название | Значение |
|---|---|---|---|---|
| Тип записи | a | |||
| Библиографический уровень | m | |||
| 001 | Контрольный номер | 03108dc7-ce44-4153-a163-8340c9bef722 | ||
| 005 | Дата корректировки | 20131111191533.5 | ||
| 008 | Кодируемые данные | 950630s1995 rur 00000 rus d | ||
| 020 | c | Цена, тираж | 1000.00 | |
| 080 | a | Индекс УДК | 531(075.8) | |
| 084 | a | Индекс другой классификации/Индекс ББК | В21я731-1 | |
| 090 | x | Авторский знак | О-56 | |
| a | Полочн. индекс | 531 | ||
| 100 | 1_ | a | Автор | Ольховский Игорь Иванович |
| 245 | 10 | a | Заглавие | Курс теоретической механики для физиков |
| b | Продолж. заглавия | Учеб. пособие для студентов спец. "Физика" гос. ун-тов | ||
| c | Ответственность | И. И. Ольховский | ||
| 260 | 0_ | a | Место издания | Москва |
| c | Дата издания | 1970 | ||
| b | Издательство | Наука | ||
| 300 | a | Объем | 447 с. | |
| b | Иллюстрации/ тип воспроизводства | ил. | ||
| 504 | a | Библиография | Библиогр.: с.442. | |
| a | Библиография | Предм. указ.: с.443-447. | ||
| 583 | a | Действие | Приписка 359 17.11.97 | |
| k | Исполнитель действия | Городецкий А.А. | ||
| 650 | a | Основная рубрика | Механика теоретическая | |
| x | Основная подрубрика | Учебники для вузов | ||
| 653 | a | Ключевые слова | Механика | |
| a | Ключевые слова | Теоретическая механика | ||
| a | Ключевые слова | Учебники | ||
| 852 | t | Порядковый номер экземпляра | 48 | |
| p | Инвентарный номер | 689668 | ||
| p | Инвентарный номер | 19532-57 | ||
| p | Инвентарный номер | 19463-56 | ||
| p | Инвентарный номер | 19259-55 | ||
| p | Инвентарный номер | 15226-54 | ||
| p | Инвентарный номер | 18660-53 | ||
| p | Инвентарный номер | 18463-52 | ||
| p | Инвентарный номер | 18463-49 | ||
| p | Инвентарный номер | 18463-48 | ||
| p | Инвентарный номер | 18463-47 | ||
| p | Инвентарный номер | 18463-45 | ||
| p | Инвентарный номер | 18463-43 | ||
| p | Инвентарный номер | 18463-42 | ||
| p | Инвентарный номер | 18463-41 | ||
| p | Инвентарный номер | 18463-40 | ||
| p | Инвентарный номер | 18463-37 | ||
| p | Инвентарный номер | 18463-36 | ||
| p | Инвентарный номер | 18463-35 | ||
| p | Инвентарный номер | 18463-34 | ||
| p | Инвентарный номер | 18463-33 | ||
| p | Инвентарный номер | 18192-32 | ||
| p | Инвентарный номер | 17725-31 | ||
| p | Инвентарный номер | 17407-30 | ||
| p | Инвентарный номер | 17407-29 | ||
| p | Инвентарный номер | 17407-27 | ||
| p | Инвентарный номер | 17392-26 | ||
| p | Инвентарный номер | 17392-24 | ||
| p | Инвентарный номер | 17392-23 | ||
| p | Инвентарный номер | 17392-22 | ||
| p | Инвентарный номер | 17392-20 | ||
| p | Инвентарный номер | 17392-19 | ||
| p | Инвентарный номер | 17392-18 | ||
| p | Инвентарный номер | 17392-17 | ||
| p | Инвентарный номер | 17392-16 | ||
| p | Инвентарный номер | 17392-15 | ||
| p | Инвентарный номер | 17392-14 | ||
| p | Инвентарный номер | 17392-13 | ||
| p | Инвентарный номер | 17392-11 | ||
| p | Инвентарный номер | 17237-10 | ||
| p | Инвентарный номер | 15918-9 | ||
| p | Инвентарный номер | 15918-8 | ||
| p | Инвентарный номер | 15918-6 | ||
| p | Инвентарный номер | 15918-5 | ||
| p | Инвентарный номер | 415918-4 | ||
| p | Инвентарный номер | 15918-3 | ||
| p | Инвентарный номер | 15918-2 | ||
| p | Инвентарный номер | 362698 | ||
| p | Инвентарный номер | 362697 | ||
| 888 | a | За наличные | ||
| 930 | a | Новая/Ретро | Учебники | |
| 952 | p | 359 1000.00 1 689668 | ||
| c | Вид литературы | К ру | ||
| 954 | a | Дата поступления на обработку | 24.11.97 | |
| 999 | a | Подразделение 2 | Фил3 |